000 00796cab a2200229 4500
001 WB2804-69
008 090401t1992 xxu||||| |||| 00| 0 eng d
035 _a(Sirsi) u13394
041 _aeng
245 _aFast lanes
260 _c1992
350 _a0
490 _aGuardian
_v23 January 1992, 3
490 _aTimes
_v23 January 1992, 3
490 _aDepartment of Transport Press Notice
_v(17) 22 January 1992 (5)
520 _aFour cities, Birmingham, Belfast, Hull and Leeds, are considering setting up red routes to tackle traffic congestion, after an announcement that London is to get a 300-mile network of priority traffic routes by 1996.
650 _aRED ROUTES
650 _aTRAFFIC CONGESTION
690 _aTRANSPORT AND COMMUNICATIONS
942 _n0
948 _c04/03/1997
999 _c8638
_d8638